| 000 | 00461nam a2200133Ia 4500 | ||
|---|---|---|---|
| 008 | 220216s9999 xx 000 0 und d | ||
| 100 | _aAris Bin Ahamd | ||
| 245 | 0 | _aInfluence of compound properties of vulcanisate properties of black-filled natural rubber | |
| 260 | _bProceedings of the International Rubber Technology Conference, Malaysia 1988; p345-355 | ||
| 650 | _aVulcanisate properties | ||
| 700 | _aBristow G M | ||
| 700 | _aTinker A J | ||
| 942 | _cJS | ||
| 999 |
_c61201 _d61201 |
||